LEADER 00934nam a2200229 i 4500 001 000000233888 003 CaOOAMICUS 005 20140929000000.0 008 140929s1890 it u000 u ita u 013 $a212791 040 $aSeMil$bita 100 1 $aGarollo, Gottardo.$0(OLS)http://semarc/name/14096 245 10$aAtlante geografico storico dell'Italia /$cper il dott. G. Garollo. 260 $aMilano :$bUlrico Hoepli,$c1890. 300 $a67, 48 p., [48] c. di tav. :$bill. ;$c16 cm. 490 0 $aManuali Hoepli 650 4$aItalia - Atlanti geografici.$0(OLS)http://semarc/subject/10688 830 0$aManuali Hoepli.$0(OLS)http://semarc/title/7639 850 $aSeMil 852 $aSeMil$W1$xVenegono$y1$m2ZA IV 45 FA$j184234$B184234$CSeMilBibl$Z2$F195154 $8I 996 $6245$aAtlante geografico storico dell'Italia$9(OLS)http://semarc/title/333855 996 $6260$aMilano :$bUlrico Hoepli$9(OLS)http://semarc/publisher/29765 LEADER 01385nam a2200301 i 4500 001 000000089955 003 CaOOAMICUS 005 20030925000000.0 008 030925s1986 fr u000 u mul u 013 $a62197 020 $a2-204-02690-5 040 $aSeMil$bita 100 0 $aEusebius : Caesariensis,$c.$0(OLS)http://semarc/name/3578 245 10$aContre Hiéroclès /$cEusèbe de Césarée ; introduction, traduction et notes par Marguerite Forrat ; texte grec établi par Édouard des Places. 260 $aParis :$bLes Éditions du Cerf,$c1986. 300 $a236 p. ;$c20 cm. 490 0 $aSources Chrétiennes ;$v333 500 $aContiene : Bibliographie. - Testo greco a fronte. - Dalla biblioteca del card. Giovanni Colombo. 700 1 $aForrat, Marguerite.$0(OLS)http://semarc/name/40530 700 1 $aDes Places, Édouard,$c.$0(OLS)http://semarc/name/9205 830 0$aSources chrétiennes ;$v333.$0(OLS)http://semarc/title/72 850 $aSeMil 852 $aSeMil$W1$xVenegono$y1$mSL1.T VII 333$j52999$B52999$CSeMilBibl$Z2$F57556 $8I 941 1 $a3 961 $aLascito: Colombo Card. Giovanni 996 $6020$a2-204-02690-5$9(OLS)http://semarc/number/69922 996 $6245$aContre Hiéroclès$9(OLS)http://semarc/title/135919 996 $6260$aParis :$bLes Éditions du Cerf$9(OLS)http://semarc/publisher/29611